000 00864nam a2200253Ia 4500
003 OSt
005 20221005113307.0
006 a|||||r|||| 00| 0
007 ta
008 221004b |||||||| |||| 00| 0 pan d
020 _a8173809542 (hbk)
_c130
024 _a104605
037 _b513, 02/02/2011, H.K. Prakashan
_cTextual
040 _aCRL
_cCRL
_bpan
041 _2pan
_apan
082 _aNR4443wN, 153P5
100 _aਗੁਰਨਾਮ ਸਿੰਘ
245 0 _aਪੰਜਾਬੀ ਸੰਗੀਤਕਾਰ
260 _aਪਟਿਆਲਾ
_bਪੰਜਾਬੀ ਯੂਨੀਵਰਸਿਟੀ ਭਾਰਤ
_c2005
300 _a194ਪੰ
_ccm.
650 _aਵਧੀਆ ਕਲਾ
_9156314
942 _hNR4443wN, 153P5
_cTEXL
_2cc
999 _c1027694
_d1027694